Llwytho...
Strategies for developing the informal sector
| Prif Awdur: | |
|---|---|
| Fformat: | Printed Book |
| Cyhoeddwyd: |
Asian Productivity Organization: Japan
1995
|
| Pynciau: |
| LEADER | 00567nam a2200193 4500 | ||
|---|---|---|---|
| 020 | |a 9283321677 | ||
| 082 | |a 658.5 APO-S | ||
| 100 | |a APO | ||
| 245 | |a Strategies for developing the informal sector |c APO | ||
| 250 | |||
| 260 | |a Asian Productivity Organization: Japan |c 1995 | ||
| 300 | |a 171 p | ||
| 490 | |||
| 500 | |||
| 590 | |b Gift | ||
| 650 | |a Production and operations management--Product management | ||
| 942 | |c BK | ||
| 999 | |c 135296 |d 135296 | ||
| 952 | |0 0 |1 0 |4 0 |6 658_500000000000000_APOS |7 0 |9 148756 |a IMK |b IMK |l 0 |o 658.5 APO-S |p IMK02302 |r 2019-10-25 |w 2019-10-25 |y BK | ||